| 000 | 00534nam a22002057a 4500 | ||
|---|---|---|---|
| 005 | 20010101033310.0 | ||
| 008 | 010101b xxu||||| |||| 00| 0 eng d | ||
| 020 | _c120.00 | ||
| 040 | _aLoreto College | ||
| 041 | _aBengali | ||
| 082 |
_a891.44 _bRAY |
||
| 100 | _aRay Vidyanidhi,Yogeshchandra | ||
| 245 |
_aPouranik upakhyan _cYogeshchandra Ray Vidyanidhi |
||
| 260 |
_aKolkata _bSubarnarekha _c2012 |
||
| 300 |
_a110p _b22cm |
||
| 504 | _aIncludes index | ||
| 650 | _aPuranas-Interpretation | ||
| 850 | _aLCLIB | ||
| 942 | _cBK | ||
| 999 |
_c39956 _d90435 |
||